Click the Next Number - Statistics

General Stats
  • This quiz has been taken 4,120 times
  • The average score is 17 of 20
Answer Stats
Hint Answer % Correct
0 1
86%
16 17
86%
14 15
85%
1 2
85%
19 20
85%
2 3
85%
5 6
85%
7 8
85%
10 11
84%
11 12
84%
13 14
84%
17 18
84%
18 19
84%
3 4
84%
4 5
84%
9 10
83%
12 13
83%
15 16
83%
6 7
83%
8 9
83%
No matching quizzes found
Score Distribution
Percent of People with Each Score
Percentile by Number Answered
Your Score History
You have not taken this quiz